000 01017nmm a2200313 a 4500
001 ocm0002347566
003 TR-IsHL
005 20201028185548.0
008 190822s2019 tu tur
007 cr cn
020 _a9786052813577
035 _a2347566
_b(N$T)
050 0 4 _aPL115
_b.A55 2019
090 0 4 _aPL115
_b.A55 2019
100 1 _aAlkayış, Fatih
245 1 0 _aTürkoloji'nin kırkı
_h[electronic resource] /
_cFatih Alkayış
250 _a1. Baskı
260 _aİstanbul :
_bHiperlink Yayınları,
_c2019
300 _a96 p.
500 _aKaynakça: sayfa 93-95.
650 4 _aDil ve Edebiyat
650 4 _aLanguage and Literature
650 0 _aTürk dili
_x Tarih
650 0 _aTurkish language
_x History
650 0 _aTürk dili
_x Kaynaklar
650 0 _aTurkish language
_x Sources
650 7 _aLLANGUAGE ARTS & DISCIPLINES / Linguistics / General
_2bisacsh
856 4 0 _uhttp://search.ebscohost.com/login.aspx?direct=true&scope=site&db=e011xww&AN=2347566
999 _c21520
_d21520